| 000 | 01191nam a22002537a 4500 | ||
|---|---|---|---|
| 005 | 20110719160051.0 | ||
| 010 | _aB-430712-713 | ||
| 020 |
_a8177691287 _c165.00 |
||
| 020 |
_a9788177691283 _c165.00 |
||
| 035 | _aB-430712-713 | ||
| 037 | _bAllied Publishers | ||
| 082 | _a615.32377 | ||
| 100 |
_aConrick, John _930150 |
||
| 245 |
_aNeem: _cby John Conrick _bthe ultimate herb / |
||
| 260 |
_aVaranasi _bPilgrims Publishing _c2001c |
||
| 270 |
_aB27/98, A-8, Nawabganj Road, Durga Kund, _bVaranasi _e91-542-2314060 |
||
| 300 |
_a165p. _c21 cm ( pbk.) _bill. |
||
| 700 |
_aLal, Niharika _929703 |
||
| 710 | _929663 | ||
| 942 |
_adpl _cEN _2ddc _mCON _h615.32377 |
||
| 999 |
_c54060 _d54060 |
||